UK Cities by Population Density Map - Statistics

General Stats
  • This quiz has been taken 42 times
  • The average score is 14 of 22
Answer Stats
Picture Answer % Correct
London
100%
Liverpool
97%
Birmingham
76%
Bristol
76%
Glasgow
76%
Newcastle
76%
Manchester
74%
Southampton / Portsmouth
74%
Hull
71%
Brighton / Worthing
68%
Belfast
65%
Bournemouth
65%
Cardiff
65%
Edinburgh
59%
Aberdeen
53%
Sheffield
50%
Swansea
50%
Blackpool / Preston
47%
Leeds / Bradford / Huddersfield
44%
Leicester
41%
Nottingham
41%
Norwich
26%
No matching quizzes found
Score Distribution
Percent of People with Each Score
Percentile by Number Answered
Your Score History
You have not taken this quiz